<?xml version="1.0" encoding="UTF-8"?>
<record
    xmlns:xsi="http://www.w3.org/2001/XMLSchema-instance"
    xsi:schemaLocation="http://www.loc.gov/MARC21/slim http://www.loc.gov/standards/marcxml/schema/MARC21slim.xsd"
    xmlns="http://www.loc.gov/MARC21/slim">

  <leader>00723nas a22001813  4500</leader>
  <controlfield tag="001">10806780</controlfield>
  <controlfield tag="003">BD-DhUL</controlfield>
  <controlfield tag="005">20170418173040.0</controlfield>
  <controlfield tag="008">890614s        nyu u         0  0 0und  </controlfield>
  <datafield tag="010" ind1=" " ind2=" ">
    <subfield code="a">sv 89057918 </subfield>
  </datafield>
  <datafield tag="040" ind1=" " ind2=" ">
    <subfield code="c">BD-DhUL</subfield>
  </datafield>
  <datafield tag="082" ind1=" " ind2=" ">
    <subfield code="a">967.606</subfield>
    <subfield code="b">UNU</subfield>
  </datafield>
  <datafield tag="245" ind1="0" ind2="0">
    <subfield code="a">United Nations. Trusteeship Council. Visiting Mission to Trust Territories in East Africa.  Report on Tanganyika together with related documents /</subfield>
  </datafield>
  <datafield tag="260" ind1=" " ind2=" ">
    <subfield code="a">New York :</subfield>
    <subfield code="b">United Nations,</subfield>
    <subfield code="c">1960</subfield>
  </datafield>
  <datafield tag="310" ind1=" " ind2=" ">
    <subfield code="a">Series entry</subfield>
  </datafield>
  <datafield tag="590" ind1=" " ind2=" ">
    <subfield code="a">Holdings in 3x5 and visible files. 1951 cataloged as mono. Main series: United Nations.  Document. Subseries: United Nations. Trusteeship Council.  Official records. Supplement.</subfield>
  </datafield>
  <datafield tag="942" ind1=" " ind2=" ">
    <subfield code="2">ddc</subfield>
    <subfield code="c">REF</subfield>
  </datafield>
  <datafield tag="999" ind1=" " ind2=" ">
    <subfield code="c">185537</subfield>
    <subfield code="d">185537</subfield>
  </datafield>
  <datafield tag="952" ind1=" " ind2=" ">
    <subfield code="0">0</subfield>
    <subfield code="1">0</subfield>
    <subfield code="2">ddc</subfield>
    <subfield code="4">0</subfield>
    <subfield code="6">967_606000000000000_UNU</subfield>
    <subfield code="7">0</subfield>
    <subfield code="8">REF</subfield>
    <subfield code="9">321751</subfield>
    <subfield code="a">DUL</subfield>
    <subfield code="b">DUL</subfield>
    <subfield code="c">UNC</subfield>
    <subfield code="d">2017-04-18</subfield>
    <subfield code="e">Gift</subfield>
    <subfield code="o">967.606 UNU</subfield>
    <subfield code="p">D1381</subfield>
    <subfield code="r">2017-04-18</subfield>
    <subfield code="w">2017-04-18</subfield>
    <subfield code="y">REF</subfield>
  </datafield>
</record>
